Risk, reliability, uncertainty, and robustness of water resources systems / (Record no. 14170)

MARC details
000 -LEADER
fixed length control field 01436cam a22003254a 4500
001 - CONTROL NUMBER
control field 12221390
003 - CONTROL NUMBER IDENTIFIER
control field OSt
005 - DATE AND TIME OF LATEST TRANSACTION
control field 20211021151346.0
008 - FIXED-LENGTH DATA ELEMENTS--GENERAL INFORMATION
fixed length control field 001103s2002 enkab b 100 0 eng
010 ## - LIBRARY OF CONGRESS CONTROL NUMBER
LC control number 00065073
020 ## - INTERNATIONAL STANDARD BOOK NUMBER
International Standard Book Number 0521800366
040 ## - CATALOGING SOURCE
Original cataloging agency DLC
Transcribing agency HU
Modifying agency DLC
042 ## - AUTHENTICATION CODE
Authentication code pcc
050 00 - LIBRARY OF CONGRESS CALL NUMBER
Classification number GB656.2.S7
Item number R57 2002
082 00 - DEWEY DECIMAL CLASSIFICATION NUMBER
Classification number 551.48/072
Edition number 21
245 00 - TITLE STATEMENT
Title Risk, reliability, uncertainty, and robustness of water resources systems /
Statement of responsibility, etc. edited by Janos J. Bogardi, Zbigniew W. Kundzewicz.
260 ## - PUBLICATION, DISTRIBUTION, ETC.
Place of publication, distribution, etc. Cambridge, UK ;
-- New York :
Name of publisher, distributor, etc. Cambridge University Press,
Date of publication, distribution, etc. 2002.
300 ## - PHYSICAL DESCRIPTION
Extent xv, 220 p. :
Other physical details ill., maps ;
Dimensions 29 cm.
440 #0 - SERIES STATEMENT/ADDED ENTRY--TITLE
Title International hydrology series
9 (RLIN) 14919
504 ## - BIBLIOGRAPHY, ETC. NOTE
Bibliography, etc. note Includes bibliographical references.
650 #0 - SUBJECT ADDED ENTRY--TOPICAL TERM
Topical term or geographic name entry element Hydrology
General subdivision Statistical methods
Form subdivision Congresses.
9 (RLIN) 14920
650 #0 - SUBJECT ADDED ENTRY--TOPICAL TERM
Topical term or geographic name entry element Uncertainty (Information theory)
Form subdivision Congresses.
9 (RLIN) 14921
700 1# - ADDED ENTRY--PERSONAL NAME
Personal name Bogárdi, János.
9 (RLIN) 14922
700 1# - ADDED ENTRY--PERSONAL NAME
Personal name Kundzewicz, Zbigniew.
9 (RLIN) 14923
856 42 - ELECTRONIC LOCATION AND ACCESS
Materials specified Publisher description
Uniform Resource Identifier <a href="http://www.loc.gov/catdir/description/cam021/00065073.html">http://www.loc.gov/catdir/description/cam021/00065073.html</a>
856 41 - ELECTRONIC LOCATION AND ACCESS
Materials specified Table of contents
Uniform Resource Identifier <a href="http://www.loc.gov/catdir/toc/cam024/00065073.html">http://www.loc.gov/catdir/toc/cam024/00065073.html</a>
906 ## - LOCAL DATA ELEMENT F, LDF (RLIN)
a 7
b cbc
c orignew
d 1
e ocip
f 20
g y-gencatlg
942 ## - ADDED ENTRY ELEMENTS (KOHA)
Source of classification or shelving scheme Dewey Decimal Classification
Koha item type Books like text book referance book
Suppress in OPAC No
Holdings
Withdrawn status Lost status Source of classification or shelving scheme Damaged status Not for loan Collection code Home library Current library Shelving location Date acquired Total Checkouts Full call number Barcode Date last seen Copy number Price effective from Koha item type
    Dewey Decimal Classification     Reference Wondo Genet Library Wondo Genet Library General Stacks 10/21/2021   551.48072 BOG 2002 WGCFNRL00005831 10/21/2021 1 10/21/2021 Books like text book referance book
    Dewey Decimal Classification     Reference Wondo Genet Library Wondo Genet Library General Stacks 10/21/2021   551.48072 BOG 2002 WGCFNRL00005832 10/21/2021 2 10/21/2021 Books like text book referance book
    Dewey Decimal Classification     Reference Wondo Genet Library Wondo Genet Library General Stacks 04/16/2022   551.48072 BOG 2002 WGCFNRL00019372 04/16/2022 3 04/16/2022 Books like text book referance book